CCNP security VPN 642-648 official cert guide (Record no. 11089)
[ view plain ]
| 000 -LEADER | |
|---|---|
| fixed length control field | 00428 a2200157 4500 |
| 020 ## - INTERNATIONAL STANDARD BOOK NUMBER | |
| International Standard Book Number | 9781587204470 |
| 082 ## - DEWEY DECIMAL CLASSIFICATION NUMBER | |
| Classification number | 005.8076 |
| 090 ## - LOCALLY ASSIGNED LC-TYPE CALL NUMBER (OCLC); LOCAL CALL NUMBER (RLIN) | |
| -- | 7286 |
| -- | 7286 |
| 100 ## - MAIN ENTRY--PERSONAL NAME | |
| Personal name | Hooper, Howard |
| 245 ## - TITLE STATEMENT | |
| Title | CCNP security VPN 642-648 official cert guide |
| Statement of responsibility, etc. | Howard Hooper |
| 260 ## - PUBLICATION, DISTRIBUTION, ETC. | |
| Place of publication, distribution, etc. | USA |
| Name of publisher, distributor, etc. | Cisco Press |
| Date of publication, distribution, etc. | 2012 |
| 300 ## - PHYSICAL DESCRIPTION | |
| Extent | 799 p. |
| 650 ## - SUBJECT ADDED ENTRY--TOPICAL TERM | |
| Topical term or geographic name entry element | Telecommunications engineers--Certification |
| 700 ## - ADDED ENTRY--PERSONAL NAME | |
| Personal name | Howard Hooper |
| 942 ## - ADDED ENTRY ELEMENTS (KOHA) | |
| Koha item type | Book |
| Call number prefix | 005.8076 HOO |
| Withdrawn status | Lost status | Damaged status | Not for loan | Collection code | Permanent Location | Current Location | Shelving location | Date acquired | Source of acquisition | Cost, normal purchase price | Total Checkouts | Full call number | Barcode | Date last seen | Date last checked out | Price effective from | Koha item type |
|---|---|---|---|---|---|---|---|---|---|---|---|---|---|---|---|---|---|
| Central Library (CL) | Central Library (CL) | First Floor - Artificial Intelligence/Data Mining | 08/30/2012 | Eagle Information Marketing | 5016.80 | 1 | 005.8076 HOO | SEECS011531 | 02/08/2014 | 01/20/2014 | 01/05/2017 | Book |
